LIBRARY ONLINE CATALOGUE

5-minute apologetics for today : (Record no. 19835)

MARC details
000 -LEADER
fixed length control field 00885cam a22002414a 4500
001 - CONTROL NUMBER
control field 15712094
003 - CONTROL NUMBER IDENTIFIER
control field OSt
005 - DATE AND TIME OF LATEST TRANSACTION
control field 20230116093814.0
008 - FIXED-LENGTH DATA ELEMENTS--GENERAL INFORMATION
fixed length control field 090424s2010 oru 000 0 eng
010 ## - LIBRARY OF CONGRESS CONTROL NUMBER
LC control number 2009017210
020 ## - INTERNATIONAL STANDARD BOOK NUMBER
International Standard Book Number 9780736924573 (pbk.)
040 ## - CATALOGING SOURCE
Original cataloging agency DLC
Transcribing agency DLC
Modifying agency DLC
050 00 - LIBRARY OF CONGRESS CALL NUMBER
Classification number BT1103
Item number .R56 2010
100 1# - MAIN ENTRY--PERSONAL NAME
Personal name Rhodes, Ron.
245 10 - TITLE STATEMENT
Title 5-minute apologetics for today :
Remainder of title 365 quick answers to key questions /
Statement of responsibility, etc. Ron Rhodes.
246 03 - VARYING FORM OF TITLE
Title proper/short title Five-minute apologetics for today
260 ## - PUBLICATION, DISTRIBUTION, ETC. (IMPRINT)
Place of publication, distribution, etc. Eugene, Or. :
Name of publisher, distributor, etc. Harvest House Publishers,
Date of publication, distribution, etc. 2010.
300 ## - PHYSICAL DESCRIPTION
Extent 379 p. ;
650 #0 - SUBJECT ADDED ENTRY--TOPICAL TERM
Topical term or geographic name as entry element Apologetics
Form subdivision Miscellanea.
906 ## - LOCAL DATA ELEMENT F, LDF (RLIN)
a 7
b cbc
c orignew
d 1
e ecip
f 20
g y-gencatlg
942 ## - ADDED ENTRY ELEMENTS (KOHA)
Source of classification or shelving scheme Library of Congress Classification
Koha item type General Collection
Holdings
Withdrawn status Lost status Source of classification or shelving scheme Not for loan Home library Current library Date acquired Cost, normal purchase price Total Checkouts Full call number Barcode Date last seen Price effective from Koha item type
    Library of Congress Classification   Kabarak, Main Campus Kabarak, Main Campus 16/01/2023 3279.00   BT1103 .R56 2010 c.1 33021 02/08/2024 16/01/2023 General Collection
    Library of Congress Classification   Kabarak, Main Campus Kabarak, Main Campus 16/01/2023 3279.00   BT1103 .R56 2010 c.2 33022 02/08/2024 16/01/2023 General Collection